000 00210nam a2200097Ia 4500
008 240331s9999 xx 000 0 und d
082 _bDOM
100 _aDominelli, L
245 0 _aFeminist social work
942 _cL
999 _c2909
_d2909